000 00583nam a2200205 4500
999 _c171884
_d171884
005 20221212123014.0
010 _aENG-127518 ENG-135834
020 _a9788189020170
_c295.00
035 _aEN-111050
035 _aEN-119366
037 _bDBAD/PUB
082 _aN
100 _aAxelsson,Majgull
245 _aApril Witch /
_cby Majgull Axelsson; translated by Linda Schenk
260 _aNew Delhi
_bKatha
_c2007
270 _aA-3 Sarvodaya Enclave Sri Aurobindo Marg
_bNew Delhi
_e110017
300 _a408p.
_c21cm(hb)
700 _a Schenk,Linda
942 _2ddc
_cEN
_hN
_mAXE